000 00952nam a2200241Ia 4500
003 Ost
005 20260507075519.0
008 260507s9999||||xx |||||||||||||| ||und||
020 _a9789953515342
040 _cfsecg
041 _aara
082 _a338.7
100 _aتيفينيه، موريس
_eمؤلف
245 0 _aثقافة المشروع /
_c موريس تيفينيه
260 _aبيروت:
_bمجد المؤسسة الجامعية للدراسات والنشر,
_c2008
300 _a168 صفحة؛
_bإيضاحات ؛
_c20 سم
490 _aطريق المعرفة
504 _aببليوغرافيا:ص.163
520 _aثقافة المشروع والادارة،ثقافة المشروع:تعريف،توضيح الثقافة،الثقافة في التطبيق:ثقافة وإدارة،ثقافة ونشاط
653 _aالمشروعات
700 _aجواد، نبيل
_eمؤلف ثانوي
942 _cكتاب
999 _c44765
_d44765